00660 2200217 4500001002100000005001700021008004100038035002500079090002100104245007400125250001100199260008500210300002500295500002900320650002300349700002200372850001200394990001200406990001200418990001200430YOGYA-0209000002179920150527145228.0 ind  a0010-020900000021799 aR 792.310 3bEns aENSIKLOPEDI Tari Indonesiactim peneliti, Singgih Wibisono...[et.al.] aCet. 1 aJakartabDepdikbud. Proyek Inventarisasi dan Dokumentasi Kebudayaan daerahc1986 a...seribilusc24 cm aYang diterima : Seri P-T aTari - Ensiklopedi aWibisono, Singgih aYOPDYOG a61656-A a61655-A a61657-A